00976nam a2200277Ia 450000500170000000800410001702000150005810000360007324500690010925000190017830000610019749000270025850000250028550000420031065000370035265000400038965000380042965000450046770000250051226400270053733600270056433700330059133800280062404000350065208400110068720220317001203.0160825s2001 sp a g 000 0 spa  a84891636421 aShakespeare, Williamd1564-161610aMacbethcWilliam Shakespeare ; traducción Guillermo Macpherson a2a. edición  a124 páginas bilustraciones en blanco y negro c21 cm  aClásicos universales aIncluye cronología aIncluye datos biográficos del autor142LEMBaTeatro inglésySiglo XVI142LEMBaLiteratura inglesaySiglo XVI142LEMBaAmbición en la literatura142LEMBaReyes y soberanos en la literatura1 aMcpherson, Guillermo aMadridbJorge A.c2001 atextobtxt2rdacontent asin mediaciónbn2rdamedia avolumenbnc2rdacarrier aCO-BoRNBPbspaerdacCO-BoRNBP aT SHA1